00396nam a2200109Ia 4500008004100000020001800041100004400059245009500103260002700198650002200225856003900247171212s9999 xx 000 0 und d a9780833039583 aTreverton, Gregory F.;Gabbard, C. Bryan cTreverton, Gregory F.;Gabbard, C. BryanaAssessing the Tradecraft of Intelligence Analysis bRAND Corporationc2008 aPolitical Science uwww.jstor.org/stable/10.7249/tr293